| 000 | 00623nam a2200205 i 4500 | ||
|---|---|---|---|
| 001 | 75976 | ||
| 003 | ES-MaACL | ||
| 005 | 20230906172657.0 | ||
| 007 | t| | ||
| 008 | 040928s1968 sp ||||1| spa d | ||
| 100 | 1 |
_aGrison, Michel. _960091 |
|
| 245 | 1 | 0 |
_aTeología natural o teodicea / _cMichel Grison ; [versión castellana de M. Kirchner]. |
| 260 |
_aBarcelona : _bHerder, _c1968. |
||
| 300 |
_a256 p. ; _c22 cm. |
||
| 490 | 1 | _aCurso filosofía tomista | |
| 700 | 1 |
_aKirchner, Montserrat. _968108 |
|
| 830 | 0 |
_aCurso filosofía tomista _9231271 |
|
| 852 |
_aES-MaACL _jC-47287 _bR.68098 |
||
| 999 |
_c75976 _d75976 |
||